|
|
|
|
| LEADER |
00000nab a2200000 a 4500 |
| 001 |
vtls000195227 |
| 003 |
SK-MaSNL |
| 005 |
20260304210651.0 |
| 008 |
250423c1984 xo 0 slo |
| 015 |
|
|
|a SNBRB19rr/mm-uuuuu
|
| 035 |
|
|
|a CL0205340
|
| 035 |
|
|
|a urn:nbn:sk:snk-ab1pop
|
| 035 |
|
|
|a (urnnbn)urn:nbn:sk:snk:ar-004wbk
|
| 035 |
|
|
|a (uuid)41290e89-13f9-4b7f-98de-3909534f759c
|
| 040 |
|
|
|a SNKBUCL
|b slo
|c SNKBUCL
|e AACR2
|
| 041 |
0 |
|
|a eng
|
| 044 |
|
|
|a xo
|c SK
|
| 080 |
|
|
|a 007:159.955:519.682
|2 1981
|
| 080 |
|
|
|a 159.955
|2 1981
|
| 080 |
|
|
|a 519.682
|2 1981
|
| 100 |
1 |
|
|a Haase-Rapoport, Modest G.
|4 aut
|9 1542049
|
| 245 |
1 |
0 |
|a Generation of Fairy Tales
|c Modest G. Haase-Rapoport, Dmitriy A. Pospelov, Yevgenya T. Seměnova
|
| 300 |
|
|
|b Sch. 5. Res. rus., angl., lit. 42 zázn. v ruš., nem., angl., franc.
|
| 650 |
0 |
7 |
|a rozprávky
|2 snkbucl
|9 75941
|
| 650 |
0 |
7 |
|a systémy programovacie
|2 snkbucl
|9 935568
|
| 650 |
0 |
7 |
|a TALE
|2 snkbucl
|9 1542050
|
| 650 |
0 |
7 |
|a programovacie jazyky
|2 snkbucl
|9 1838
|
| 650 |
0 |
7 |
|a LISP
|2 snkbucl
|9 1542051
|
| 650 |
0 |
7 |
|a FRL
|2 snkbucl
|9 1542052
|
| 655 |
|
7 |
|a články z novín a časopisov
|2 snkbucl
|9 267496
|
| 700 |
1 |
|
|a Pospelov, Dmitriy A.
|4 aut
|9 1542053
|
| 700 |
1 |
|
|a Seměnova, Yevgenya T.
|4 aut
|9 1542054
|
| 773 |
0 |
|
|t Computers and artificial intelligence
|g Roč. 3, č. 4 (1984), s. 281-304
|
| 850 |
|
|
|a Slovenská národná knižnica
|
| 852 |
|
|
|a Slovenská národná knižnica
|
| 958 |
|
|
|a article27
|
| 958 |
|
|
|a NB
|
| 958 |
|
|
|a RK
|
| 958 |
|
|
|a SU
|
| 958 |
|
|
|a OND
|
| 958 |
|
|
|a EUIPO
|
| 992 |
|
|
|a RBX
|
| 999 |
|
|
|c 3127085
|d 3129015
|